[Event "British KO-ch 2019"]
[Site "London"]
[Date "2019.12.01"]
[Round "1.1"]
[White "Howell, David W L"]
[Black "Horton, Andrew P"]
[Result "1-0"]
[WhiteElo "2701"]
[BlackElo "2378"]
[Annotator "TA"]
[PlyCount "147"]
[EventDate "2019.11.30"]
[EventType "k.o."]
[EventCountry "ENG"]
[SourceTitle "playchess.com"]
[Source "ChessBase"]
[SourceQuality "1"]

{[%evp 11,149,0,0,5,14,14,7,0,17,17,24,20,20,19,26,29,28,18,22,21,28,19,20,23,29,27,28,24,25,12,35,41,29,29,80,75,85,2,26,37,69,74,59,64,73,75,72,77,70,84,89,91,108,119,134,129,141,120,206,213,299,285,372,366,373,370,361,277,355,360,365,345,543,337,369,336,336,329,329,171,1000,770,1313,1212,1169,1003,2785,2459,29966,29967,29967,29967,29967,0,29967,0,29966,29968,29968,29969,29969,0,29966,0,29968,29969,29969,29967,29969,5085,1932,0,29968,3937,29969,29970,29970,29970,29976,29965,29977,29978,29978,29979,29978,29979,29980,29981,29982,29982,29983,29984,29984,29985,29985,29986,29991,29991,29991,29992]} 1. Nf3 Nf6 2. c4 e6 3. Nc3 Bb4 4. Qc2 d6 5. a3 Bxc3 6. Qxc3 O-O 7. d3 {A17: English Opening: 1...Nf6 with ...Bb4} (7. g3 e5 8. Bg2 c5 9. O-O Nc6 10. d3 Bg4 11. Bg5 h6 12. Bxf6 Qxf6 13. Rae1 Rae8 14. Nd2 Nd4 15. f3 Bc8 16. e3 Nc6 17. f4 Qg6 {½-½ (42) Lenderman,A (2637)-Azarov,S (2575) chess.com INT 2019}) 7... a5 8. b3 e5 9. e3 {The position is equal.} Re8 10. Be2 Nbd7 11. Bb2 Qe7 12. O-O Nf8 $146 ({Predecessor:} 12... b6 13. b4 Bb7 14. Nd2 h6 {1-0 (62) Romm,M (2467)-Zarnescu,M (2404) ICCF email 2011}) 13. Nd2 Ng6 14. Rae1 Bg4 15. f3 Bd7 16. f4 Bg4 17. fxe5 dxe5 18. Nf3 b6 19. h3 Bd7 20. Nd2 Bc6 21. Rf2 Bb7 22. Nf1 Rad8 (22... Nd7 $11) 23. Ng3 $16 Bc8 24. d4 ({White should try} 24. Ref1 $16) 24... exd4 25. exd4 Qe3 26. d5 Qxc3 27. Bxc3 Ne4 28. Nxe4 Rxe4 29. Bf1 Rxe1 30. Bxe1 Re8 31. Re2 Rxe2 32. Bxe2 {[%mdl 4096] Endgame KBB-KBN} Ne5 33. Bg3 f6 34. Kf2 Bf5 (34... Kf7 $16) 35. Ke3 $18 Bc2 (35... Kf7 {was worth a try.} 36. b4 axb4 37. axb4 Ke7) 36. b4 {[#] Threatens to win with Bxe5.} axb4 37. axb4 Kf7 38. Kd4 Ke7 39. Bxe5 fxe5+ 40. Kxe5 {KB-KB} h6 41. h4 Bb1 (41... Bb3 $142 42. c5 Ba4) 42. g3 Bc2 43. Bf1 Bg6 44. Kd4 Kd6 45. Bd3 (45. c5+ $142 bxc5+ 46. bxc5+ Ke7 47. Ke5) 45... Bf7 $2 {[#]} (45... Bh5 46. c5+ bxc5+ 47. bxc5+ Ke7) 46. c5+ bxc5+ 47. bxc5+ Ke7 48. Ke5 Kd7 49. g4 Ke7 50. h5 Kd7 51. Bf5+ Ke7 52. Bd3 Kd7 53. Bf5+ Ke7 54. c6 Bg8 55. Bg6 Kd8 56. Bf5 Ke7 57. Bg6 Kd8 $1 58. d6 Bc4 59. Be4 Bb3 60. Bf3 (60. Bf5 $142 Bc4 61. d7 Ke7 62. Bc2 Kd8 63. Kf5 Be2 64. Be4 Bd1 65. Bd5) 60... Bc4 61. Be4 (61. Bd1 $18 Ba2 62. Bf3) 61... Bb3 $1 62. Bd5 (62. Bf5 $142 Bc4 63. d7 Be2 64. Kf4 Bb5 65. Be4 Bf1 66. Ke5 Be2 67. Kf5) 62... Bd1 63. Be6 {White mates.} Bc2 64. Bd7 Bd3 65. Kd5 Bc2 66. dxc7+ Kxc7 67. Ke6 g6 68. Kf6 gxh5 69. gxh5 Kd8 70. Kg7 Ke7 71. Kxh6 Bd1 72. Kg6 Bf3 73. h6 Kf8 74. h7 {Played: c6-c7} 1-0

[Event "British KO-ch 2019"]
[Site "London"]
[Date "2019.12.01"]
[Round "1.2"]
[White "Adams, Michael"]
[Black "Harvey, Marcus R"]
[Result "1/2-1/2"]
[WhiteElo "2692"]
[BlackElo "2405"]
[Annotator "TA"]
[PlyCount "61"]
[EventDate "2019.11.30"]
[EventType "k.o."]
[EventCountry "ENG"]
[SourceTitle "playchess.com"]
[Source "ChessBase"]
[SourceQuality "1"]

{[%evp 12,61,14,19,21,24,52,16,29,0,21,-14,-23,-15,-19,-18,-17,-35,-30,-44,-20,-22,-22,-36,-8,0,0,-4,-5,-8,0,0,0,0,0,-16,-11,-10,0,0,0,0,0,0,0,0,0,0,0,0,0,0]} 1. e4 e6 2. d4 d5 3. Nc3 Nf6 4. Bg5 dxe4 5. Nxe4 Be7 6. Bxf6 gxf6 7. Qd2 a6 {C13: French: Classical System: 4 Bg5 Be7, Alekhine-Chatard Attack} (7... b6 8. O-O-O Bb7 9. Nc3 c6 10. Be2 Nd7 11. f4 f5 12. Nf3 Qc7 13. Ne5 h5 14. Bf3 Nxe5 15. dxe5 {½-½ (38) Kryvoruchko,Y (2669)-Ponkratov,P (2644) Mali Losinj 2019}) 8. O-O-O f5 9. Nc3 b5 10. Nf3 Qd6 11. Ne5 Nd7 12. f4 Bb7 13. Rg1 Nxe5 $146 ({Predecessor:} 13... b4 14. Ne2 Nb6 15. c4 c5 16. b3 {0-1 (50) Kavon,R (2153)-Herath,N (1743) Gyor 2014}) 14. fxe5 Qb6 15. g4 Rg8 {[#] White must now prevent ...Bg5.} 16. Qf2 fxg4 17. Bg2 O-O-O 18. Bxb7+ {The position is equal.} Kxb7 19. Rxg4 {[%mdl 64] [#] Remove Defender, Decoy} Rxg4 20. Qf3+ {[%mdl 64] Double Attack} Qc6 21. Qxg4 f5 22. exf6 Bxf6 23. Kb1 b4 24. Ne2 e5 25. d5 Rxd5 26. Rxd5 Qxd5 27. Qxb4+ Kc6 28. Qc3+ Kb7 29. Qe1 e4 30. Ng3 Be5 31. Nxe4 {Accuracy: White = 73%, Black = 72%.} 1/2-1/2

[Event "British KO-ch 2019"]
[Site "London"]
[Date "2019.12.01"]
[Round "1.2"]
[White "Jones, Gawain C B"]
[Black "Pert, Nicholas"]
[Result "1/2-1/2"]
[WhiteElo "2663"]
[BlackElo "2557"]
[Annotator "TA"]
[PlyCount "58"]
[EventDate "2019.11.30"]
[EventType "k.o."]
[EventCountry "ENG"]
[SourceTitle "playchess.com"]
[Source "ChessBase"]
[SourceQuality "1"]

{[%evp 17,58,0,0,13,23,15,18,16,47,50,54,48,44,42,48,39,86,85,137,131,125,133,123,125,127,104,138,98,81,66,89,79,96,97,273,270,247,0,72,0,269,0,72]} 1. e4 c5 2. Nf3 Nc6 3. Bb5 g6 4. c3 Nf6 5. Qe2 Bg7 6. d4 cxd4 7. cxd4 d5 8. e5 Ne4 9. O-O O-O 10. Be3 {B31: Sicilian: 2...Nc6 3 Bb5 g6} (10. Nc3 Bf5 11. Bxc6 bxc6 12. Nh4 e6 13. Nxf5 exf5 14. Na4 c5 15. Nxc5 Nxc5 16. dxc5 Qc7 17. f4 Qxc5+ 18. Be3 {½-½ (32) Aronian,L (2758)-Le,Q (2708) Khanty-Mansiysk 2019}) 10... f5 11. Nc3 f4 $146 ({Predecessor:} 11... Kh8 12. Rfc1 {½-½ (12) Gurevich,M (2656)-Tregubov,P (2635) Belfort 2003}) 12. Bc1 Bg4 13. Bxc6 $1 (13. Nxe4 $2 Nxd4 14. Qd3 dxe4 $17) 13... Nxc3 14. bxc3 bxc6 15. h3 Bh5 16. Ba3 g5 17. Rab1 Rf7 (17... Qd7 $142) 18. Rb7 $16 {And now e6 would win.} Bf8 19. e6 Rf6 20. Qe5 Bxf3 21. gxf3 {Rfb1 is the strong threat.} Qe8 22. Kh2 Qg6 23. Rg1 h6 24. Re1 Re8 25. Rxa7 Qc2 $2 {[#]} (25... h5 $16) 26. Qe2 $1 $18 {[%cal Re2c2]} Qh7 27. Qe5 $2 (27. Bb4 $18 {is more deadly.}) 27... Qc2 $1 $16 {[%cal Rc2f2]} 28. Qe2 $2 (28. Kg2 $16) 28... Qh7 $1 $18 29. Qe5 $2 (29. Bc5 $18 {has better winning chances.}) 29... Qc2 $1 {Accuracy: White = 83%, Black = 49%.} 1/2-1/2

[Event "British KO-ch 2019"]
[Site "London"]
[Date "2019.12.01"]
[Round "1.2"]
[White "Clarke, Brandon G I"]
[Black "McShane, Luke J"]
[Result "1/2-1/2"]
[WhiteElo "2431"]
[BlackElo "2675"]
[Annotator "ChessBase"]
[PlyCount "71"]
[EventDate "2019.11.30"]
[EventType "k.o."]
[EventCountry "ENG"]
[SourceTitle "playchess.com"]
[Source "ChessBase"]
[SourceQuality "1"]
[TimeControl "5400+30"]

1. e4 {[%emt 0:18:45]} e5 {[%emt 0:00:00]} 2. Nf3 {[%emt 0:00:08]} Nc6 {[%emt 0:00:00]} 3. Bb5 {[%emt 0:00:05]} Nf6 {[%emt 0:00:00]} 4. d3 {[%emt 0:00:39]} Bc5 {[%emt 0:00:00]} 5. c3 {[%emt 0:00:07]} O-O {[%emt 0:00:22]} 6. Bg5 {[%emt 0:00:09]} Be7 {[%emt 0:05:06]} 7. O-O {[%emt 0:04:18]} d6 {[%emt 0:00:25]} 8. Nbd2 {[%emt 0:01:54]} Ng4 {[%emt 0:01:14]} 9. Bxe7 {[%emt 0:00:52]} Nxe7 {[%emt 0:01:19]} 10. d4 {[%emt 0:01:44]} Ng6 {[%emt 0:00:58]} 11. Re1 {[%emt 0:00:44]} Qe7 {[%emt 0:01:38]} 12. Nf1 {[%emt 0:02:55]} Nh4 {[%emt 0:01:40]} 13. Ng3 {[%emt 0:03:39]} Nxf3+ {[%emt 0:03:10]} 14. Qxf3 {[%emt 0:00:05]} Qf6 {[%emt 0:02:53]} 15. Qxf6 {[%emt 0:08:52]} Nxf6 {[%emt 0:00:07]} 16. Bc4 {[%emt 0:03:05]} Re8 {[%emt 0:04:13]} 17. f3 {[%emt 0:04:02]} Be6 {[%emt 0:02:14]} 18. Bxe6 {[%emt 0:00:26]} Rxe6 {[%emt 0:00:04]} 19. d5 {[%emt 0:00:30]} Ree8 {[%emt 0:00:05]} 20. c4 {[%emt 0:01:52]} a5 {[%emt 0:00:50]} 21. Ne2 {[%emt 0:00:39]} Kf8 {[%emt 0:01:48]} 22. Nc3 {[%emt 0:00:21]} Ke7 {[%emt 0:00:19]} 23. b3 {[%emt 0:02:00]} c6 {[%emt 0:11:51]} 24. Red1 {[%emt 0:01:06]} Nd7 {[%emt 0:03:24]} 25. Kf2 {[%emt 0:03:13]} g6 {[%emt 0:16:12]} 26. Ke3 {[%emt 0:00:30]} h5 {[%emt 0:02:45]} 27. Rd2 {[%emt 0:01:43]} c5 {[%emt 0:02:39]} 28. g3 {[%emt 0:02:27]} h4 {[%emt 0:01:31]} 29. g4 {[%emt 0:02:43]} g5 {[%emt 0:02:59]} 30. Kd3 {[%emt 0:01:29]} Ra6 {[%emt 0:03:21]} 31. Nb5 {[%emt 0:00:29]} Rc8 {[%emt 0:00:35]} 32. a3 {[%emt 0:03:42]} Kd8 {[%emt 0:15:32]} 33. Rda2 {[%emt 0:00:27]} Rca8 {[%emt 0:00:08]} 34. Kc3 {[%emt 0:01:02]} Kc8 {[%emt 0:01:01]} 35. Rb1 {[%emt 0:04:36]} Kd8 {[%emt 0:00:32]} 36. a4 {[%emt 0:03:25]} 1/2-1/2

[Event "British KO-ch 2019"]
[Site "London"]
[Date "2019.12.01"]
[Round "1.2"]
[White "Harvey, Marcus R"]
[Black "Adams, Michael"]
[Result "1/2-1/2"]
[WhiteElo "2405"]
[BlackElo "2692"]
[Annotator "TA"]
[PlyCount "104"]
[EventDate "2019.11.30"]
[EventType "k.o."]
[EventCountry "ENG"]
[SourceTitle "playchess.com"]
[Source "ChessBase"]
[SourceQuality "1"]

{[%evp 9,104,14,16,-8,0,7,6,0,4,15,20,13,21,5,13,13,25,9,59,0,0,0,0,0,0,0,0,0,0,0,14,12,12,0,0,-6,0,0,0,0,0,0,0,0,0,0,0,-16,-21,-7,-5,-19,-21,-45,-37,-42,-37,-42,-30,-18,-18,-28,0,-34,-3,-22,0,-48,-53,-85,-73,-56,-46,-66,-21,-23,-23,-23,-26,-43,0,0,0,0,0,0,0,0,0,0,0,0,0,0,0,0,0]} 1. Nf3 d5 2. b3 Nf6 3. Bb2 e6 4. e3 Bd6 5. c4 O-O 6. Qc2 {A13: English Opening: 1...e6} (6. Be2 dxc4 7. Bxc4 b6 8. Nc3 Bb7 9. d4 a6 10. O-O b5 11. Bd3 Nbd7 12. a4 b4 13. Nb1 c5 14. Nbd2 cxd4 15. Nxd4 {½-½ (59) Nakamura,H (2746)-So,W (2765) Kolkata 2018}) 6... c5 7. cxd5 $146 ({Predecessor:} 7. g4 d4 8. g5 Nh5 9. Rg1 Nc6 10. a3 e5 11. d3 f5 12. Be2 Qe8 13. Nbd2 a5 {1-0 (28) Bosboom,M (2403)-Santos Ruiz,M (2505) Amsterdam 2018}) 7... exd5 8. d4 cxd4 (8... b6 {is interesting.} 9. Be2 Nbd7 10. O-O Bb7 11. Nc3 a6) 9. Nxd4 Nc6 10. Nxc6 bxc6 11. Nd2 c5 12. Bd3 Bb7 13. O-O d4 14. e4 ({White should play} 14. Nc4 $14) 14... Ng4 $11 15. Nf3 Qc7 {[%cal Rg4h2]} 16. h3 Nh2 17. Nxh2 Bxh2+ 18. Kh1 Bf4 19. Bc1 Rac8 20. Bxf4 Qxf4 21. Qc1 Qd6 22. f4 f6 23. Qc4+ Kh8 24. Rae1 Rfe8 25. Qf7 Re7 26. Qh5 {[#] Threatens to win with e5.} Qc6 27. Rf2 {next e5 is good for White.} Ba6 28. Qe2 Bxd3 29. Qxd3 Rce8 {[%cal Re7e4]} 30. Rfe2 Qd6 31. Rf2 g6 32. Kh2 a5 33. g3 Qc6 {[%cal Re7e4]} 34. Rfe2 Kg7 35. h4 h5 36. Kg1 Re6 37. Kf2 R8e7 38. Qf3 a4 39. e5 Qxf3+ 40. Kxf3 axb3 41. axb3 fxe5 42. fxe5 $17 {[%mdl 4096] Endgame KRR-KRR} Rb6 43. Ke4 $1 Rxb3 44. Kd5 $1 Rd7+ 45. Kc6 {The position is equal.} Rbb7 {[#] Strongly threatening ...c4.} 46. e6 $1 {[%cal Re6d7]} Rbc7+ 47. Kb5 Rd8 {aiming for ...d3.} 48. e7 Rb8+ 49. Kc4 Re8 50. Re4 Kf7 {[%cal Re8e7]} 51. Rf1+ Kg7 52. Rfe1 Kf7 {Accuracy: White = 68%, Black = 46%.} 1/2-1/2

[Event "British KO-ch 2019"]
[Site "London"]
[Date "2019.12.01"]
[Round "1.2"]
[White "Horton, Andrew P"]
[Black "Howell, David W L"]
[Result "1/2-1/2"]
[WhiteElo "2378"]
[BlackElo "2701"]
[Annotator "TA"]
[PlyCount "88"]
[EventDate "2019.11.30"]
[EventType "k.o."]
[EventCountry "ENG"]
[SourceTitle "playchess.com"]
[Source "ChessBase"]
[SourceQuality "1"]

{[%evp 18,88,28,18,33,31,38,41,37,29,33,20,35,25,29,20,41,18,26,30,39,16,17,16,20,21,56,39,50,56,47,47,77,28,52,52,55,52,46,0,0,5,18,3,33,22,56,28,29,37,40,1,11,11,14,14,14,16,16,14,21,8,8,9,18,8,31,0,16,0,37,0,24]} 1. Nf3 d5 2. c4 c6 3. g3 Bg4 4. Bg2 e6 5. O-O Nf6 6. b3 Nbd7 7. Bb2 Bd6 8. d4 Qb8 9. Nbd2 O-O 10. Re1 Re8 {D11: Slav Defence: 3 Nf3 sidelines and 3...Nf6 4 e3 Bg4} 11. e4 dxe4 12. Nxe4 Nxe4 {White is slightly better.} 13. Rxe4 Bh5 14. Qd2 a5 15. a3 Qc7 16. Rae1 Rad8 17. Qc3 Nf6 $146 ({Predecessor:} 17... Bg6 18. R4e3 Be7 19. Qc1 Bf6 {½-½ (19) Fridman,R (2466)-Wegerle,J (2438) Germany 2017}) 18. R4e2 c5 {With the idea ...cxd4.} 19. dxc5 Bxc5 20. b4 axb4 21. axb4 Bf8 22. h3 Bxf3 23. Bxf3 b6 24. Rc1 Rc8 25. Rec2 Red8 26. c5 bxc5 27. bxc5 Nd5 28. Bxd5 Rxd5 29. c6 h5 30. h4 Rc5 31. Qe3 Rd5 32. Rd2 Qd6 33. Rxd5 Qxd5 34. Qc3 f6 35. Ba3 Rc7 36. Bxf8 Kxf8 $11 {[%mdl 4096] Endgame KQR-KQR} 37. Qb4+ Kf7 38. Qb6 Qd6 39. Qb5 $36 {[%mdl 2048] White has good play.} Kg6 40. Qe2 Qd5 41. Qc2+ Kf7 42. Qc3 Kg6 43. Qc2+ Kf7 44. Qc3 Kg6 {Accuracy: White = 46%, Black = 43%.} 1/2-1/2

[Event "British KO-ch 2019"]
[Site "London"]
[Date "2019.12.03"]
[Round "1.3"]
[White "Adams, Michael"]
[Black "Harvey, Marcus R"]
[Result "1/2-1/2"]
[WhiteElo "2692"]
[BlackElo "2405"]
[Annotator "TA"]
[PlyCount "105"]
[EventDate "2019.11.30"]
[EventType "k.o."]
[EventCountry "ENG"]

{[%evp 13,105,22,22,14,17,16,41,-2,11,8,20,12,22,14,119,132,131,126,148,29,37,-5,173,130,162,127,166,154,166,165,193,148,152,144,148,122,155,135,120,113,170,164,167,178,162,173,185,182,174,197,166,181,189,208,238,156,181,160,305,308,241,17,17,17,18,18,42,18,18,0,0,0,0,0,57,8,8,8,8,8,8,8,8,8,8,0,8,8,8,8,8,8,8,8]} 1. e4 e6 2. d4 d5 3. Nd2 a6 4. Ngf3 Nf6 5. e5 Nfd7 6. Bd3 c5 7. c3 Nc6 8. Bc2 {C06: French Tarrasch: 3...Nf6 4 e5 Nfd7 5 Bd3 main lines} (8. O-O g5 9. dxc5 g4 10. Nd4 Ndxe5 11. N2b3 Nxd3 12. Qxd3 e5 13. Re1 Bg7 14. Nxc6 bxc6 15. Nd4 Qf6 {½-½ (43) Sokolov,I (2625)-Bauer,C (2630) Maastricht 2017}) 8... cxd4 9. cxd4 Qb6 10. Nb3 {White is slightly better.} Bb4+ 11. Bd2 Bxd2+ 12. Qxd2 Qb4 13. Rc1 (13. Qxb4 {is more complex.} Nxb4 14. Bb1 Nb6 15. a3 Nc6 16. Bd3) 13... b6 $146 {[#]} (13... Qxd2+ $11 14. Kxd2 (14. Nfxd2 Nb6 $11) 14... O-O) ({Predecessor:} 13... Nb6 14. O-O Qxd2 15. Nbxd2 O-O {0-1 (32) Probst,A-Schmitz,N Bendorf 2001}) 14. Bxh7 $1 $16 Qxd2+ 15. Kxd2 ({Much weaker is} 15. Nfxd2 $6 Nxd4 16. Nxd4 Rxh7 $11) 15... Nxd4 16. Nfxd4 (16. Nbxd4 $16 Rxh7 17. Rc6) 16... Rxh7 $11 17. f4 Bb7 $2 (17... g5 $1 $11 {and Black stays safe.}) 18. h4 Kd8 19. g4 Rc8 20. Rxc8+ Kxc8 21. h5 Kd8 22. Ke3 Nc5 23. Nd2 a5 24. b3 Ke7 25. a3 Rh8 26. Rc1 Kd7 (26... Ra8 $16 {was necessary.} 27. g5 Kf8) 27. b4 $18 axb4 28. axb4 Na6 29. N2f3 Nxb4 30. Rb1 Nc6 31. Rxb6 Kc7 32. Rb2 Nxd4 33. Nxd4 {[%mdl 4096] Endgame KRB-KRN} ({Much less strong is} 33. Kxd4 $6 Ra8 $11) 33... Ra8 34. Nb5+ Kd7 {[#]} 35. g5 $1 Bc6 (35... Ke7 $16 {keeps fighting.} 36. h6 gxh6) 36. Nd4 Ra3+ 37. Rb3 $2 (37. Kd2 $18) 37... Rxb3+ $1 $11 38. Nxb3 {h6 is the strong threat. KB-KN} Ke7 39. Nd4 Bd7 40. Kf3 {Black must now prevent h6.} Ba4 41. Kg4 Bd1+ 42. Kh4 Kf8 43. g6 fxg6 ({Better is} 43... Ba4 $11) 44. hxg6 Ke7 {The position is equal.} 45. Kg5 Ba4 $1 46. f5 exf5 47. Nxf5+ Kf8 $1 48. Nd4 Ke7 49. Nf5+ Kf8 $1 50. e6 Bc2 51. Nd4 Be4 52. Nc6 Ke8 53. Kf4 {Accuracy: White = 55%, Black = 45%.} 1/2-1/2

[Event "British KO-ch 2019"]
[Site "London"]
[Date "2019.12.01"]
[Round "1.3"]
[White "McShane, Luke J"]
[Black "Clarke, Brandon G I"]
[Result "1-0"]
[WhiteElo "2675"]
[BlackElo "2431"]
[Annotator "ChessBase"]
[PlyCount "85"]
[EventDate "2019.11.30"]
[EventType "k.o."]
[EventCountry "ENG"]
[SourceTitle "playchess.com"]
[Source "ChessBase"]
[SourceQuality "1"]
[TimeControl "5400+30"]

1. e4 {[%emt 0:00:00]} c5 {[%emt 0:00:00]} 2. Nf3 {[%emt 0:00:00]} d6 {[%emt 0:00:26]} 3. Bb5+ {[%emt 0:00:00]} Nd7 {[%emt 0:00:33]} 4. d4 {[%emt 0:00:13]} cxd4 {[%emt 0:00:23]} 5. Qxd4 {[%emt 0:00:04]} a6 {[%emt 0:00:20]} 6. Bxd7+ {[%emt 0:00:04]} Bxd7 {[%emt 0:00:08]} 7. Nc3 {[%emt 0:00:05]} e5 {[%emt 0:00:19]} 8. Qd3 {[%emt 0:00:04]} Rc8 {[%emt 0:00:40]} 9. O-O {[%emt 0:00:07]} h6 {[%emt 0:00:38]} 10. Nd2 {[%emt 0:00:12]} Qc7 {[%emt 0:00:48]} 11. Rd1 {[%emt 0:00:07]} Bg4 {[%emt 0:01:04]} 12. Re1 {[%emt 0:00:05]} Nf6 {[%emt 0:00:14]} 13. Nf1 {[%emt 0:00:59]} Be7 {[%emt 0:00:31]} 14. Qg3 {[%emt 0:03:22]} g6 {[%emt 0:08:01]} 15. a4 {[%emt 0:04:01]} Be6 {[%emt 0:00:46]} 16. Ne3 {[%emt 0:01:35]} Qc6 {[%emt 0:24:26]} 17. Qf3 {[%emt 0:00:11]} Kf8 {[%emt 0:00:50]} 18. a5 {[%emt 0:08:30]} Kg7 {[%emt 0:00:28]} 19. Bd2 {[%emt 0:01:05]} Qd7 {[%emt 0:16:23]} 20. Red1 {[%emt 0:03:01]} h5 {[%emt 0:05:23]} 21. Qe2 {[%emt 0:03:01]} h4 {[%emt 0:05:32]} 22. f3 {[%emt 0:07:35]} g5 {[%emt 0:05:43]} 23. Na4 {[%emt 0:07:16]} Qc6 {[%emt 0:02:54]} 24. Nb6 {[%emt 0:02:10]} Rcg8 {[%emt 0:01:09]} 25. c4 {[%emt 0:01:03]} Nh5 {[%emt 0:01:44]} 26. Nbd5 {[%emt 0:04:13]} Nf4 {[%emt 0:00:29]} 27. Qf2 {[%emt 0:03:32]} Bf8 {[%emt 0:01:07]} 28. b3 {[%emt 0:04:10]} f6 {[%emt 0:04:54]} 29. Ng4 {[%emt 0:07:58]} Bxg4 {[%emt 0:03:07]} 30. fxg4 {[%emt 0:00:19]} h3 {[%emt 0:05:32]} 31. g3 {[%emt 0:01:48]} Nxd5 {[%emt 0:00:09]} 32. exd5 {[%emt 0:02:14]} Qd7 {[%emt 0:00:38]} 33. Qf3 {[%emt 0:01:12]} Be7 {[%emt 0:01:04]} 34. Be3 {[%emt 0:01:57]} Rc8 {[%emt 0:02:26]} 35. Ra2 {[%emt 0:01:40]} Bd8 {[%emt 0:01:12]} 36. Qe4 {[%emt 0:00:56]} Rf8 {[%emt 0:04:40]} 37. Rf1 {[%emt 0:02:00]} b5 {[%emt 0:01:57]} 38. axb6 {[%emt 0:18:57]} Qb7 {[%emt 0:00:02]} 39. c5 {[%emt 0:01:57]} dxc5 {[%emt 0:00:02]} 40. Bxg5 {[%emt 0:00:07]} Qxb6 {[%emt 0:02:45]} 41. Raf2 {[%emt 0:03:07]} Qd6 {[%emt 0:00:31]} 42. Rf5 {[%emt 0:02:22]} Be7 {[%emt 0:00:30]} 43. Bh6+ {[%emt 0:00:26]} 1-0

[Event "British KO-ch 2019"]
[Site "London"]
[Date "2019.12.01"]
[Round "1.4"]
[White "Pert, Nicholas"]
[Black "Jones, Gawain C B"]
[Result "0-1"]
[WhiteElo "2557"]
[BlackElo "2663"]
[Annotator "ChessBase"]
[PlyCount "118"]
[EventDate "2019.11.30"]
[EventType "k.o."]
[EventCountry "ENG"]
[SourceTitle "playchess.com"]
[Source "ChessBase"]
[SourceQuality "1"]
[TimeControl "5400+30"]

1. d4 {[%emt 0:00:10]} Nf6 {[%emt 0:05:49]} 2. Nf3 {[%emt 0:00:09]} g6 {[%emt 0:00:07]} 3. c4 {[%emt 0:00:25]} Bg7 {[%emt 0:00:07]} 4. Nc3 {[%emt 0:00:10]} O-O {[%emt 0:00:39]} 5. Bg5 {[%emt 0:00:34]} c5 {[%emt 0:01:32]} 6. d5 {[%emt 0:00:24]} h6 {[%emt 0:00:20]} 7. Bh4 {[%emt 0:00:57]} d6 {[%emt 0:00:23]} 8. e3 {[%emt 0:00:51]} Bf5 {[%emt 0:00:21]} 9. Nd2 {[%emt 0:03:34]} g5 {[%emt 0:08:46]} 10. Bg3 {[%emt 0:00:31]} Nbd7 {[%emt 0:00:22]} 11. Be2 {[%emt 0:06:01]} a6 {[%emt 0:05:13]} 12. O-O {[%emt 0:06:09]} Qb6 {[%emt 0:02:55]} 13. e4 {[%emt 0:16:32]} Bg6 {[%emt 0:00:06]} 14. Rb1 {[%emt 0:00:57]} e6 {[%emt 0:06:13]} 15. a3 {[%emt 0:19:19]} Rfe8 {[%emt 0:04:52]} 16. b4 {[%emt 0:01:30]} cxb4 {[%emt 0:07:31]} 17. axb4 {[%emt 0:02:15]} exd5 {[%emt 0:03:32]} 18. Nxd5 {[%emt 0:01:17]} Nxd5 {[%emt 0:01:51]} 19. cxd5 {[%emt 0:00:02]} Bxe4 {[%emt 0:01:00]} 20. Nc4 {[%emt 0:05:57]} Qd8 {[%emt 0:00:44]} 21. Bd3 {[%emt 0:00:33]} Bxd3 {[%emt 0:03:00]} 22. Qxd3 {[%emt 0:00:02]} Ne5 {[%emt 0:00:10]} 23. Bxe5 {[%emt 0:00:26]} Bxe5 {[%emt 0:00:20]} 24. Nxe5 {[%emt 0:01:48]} Rxe5 {[%emt 0:01:58]} 25. Qd4 {[%emt 0:06:22]} Qe7 {[%emt 0:01:52]} 26. Rbc1 {[%emt 0:00:39]} Re8 {[%emt 0:00:29]} 27. h3 {[%emt 0:00:20]} Qd7 {[%emt 0:03:56]} 28. f4 {[%emt 0:05:24]} Rf5 {[%emt 0:07:34]} 29. Rf2 {[%emt 0:06:19]} Qe7 {[%emt 0:03:12]} 30. fxg5 {[%emt 0:00:17]} Rxf2 {[%emt 0:01:13]} 31. Qxf2 {[%emt 0:00:02]} hxg5 {[%emt 0:00:50]} 32. Kh1 {[%emt 0:04:45]} Qe4 {[%emt 0:04:07]} 33. Qd2 {[%emt 0:00:17]} Re5 {[%emt 0:01:04]} 34. Rd1 {[%emt 0:00:26]} g4 {[%emt 0:03:02]} 35. Qc3 {[%emt 0:06:07]} Rh5 {[%emt 0:02:09]} 36. Kg1 {[%emt 0:03:39]} gxh3 {[%emt 0:00:43]} 37. Qg3+ {[%emt 0:00:05]} Qg6 {[%emt 0:03:21]} 38. Qxg6+ {[%emt 0:00:44]} fxg6 {[%emt 0:00:02]} 39. gxh3 {[%emt 0:00:39]} Rxh3 {[%emt 0:00:56]} 40. Rc1 {[%emt 0:00:19]} Rb3 {[%emt 0:00:40]} 41. Rc8+ {[%emt 0:00:45]} Kf7 {[%emt 0:00:07]} 42. Rc7+ {[%emt 0:00:03]} Kf6 {[%emt 0:00:05]} 43. Rxb7 {[%emt 0:00:02]} Ke5 {[%emt 0:00:11]} 44. Ra7 {[%emt 0:01:35]} Rxb4 {[%emt 0:02:25]} 45. Rxa6 {[%emt 0:00:02]} Rf4 {[%emt 0:00:56]} 46. Ra5 {[%emt 0:00:33]} Rd4 {[%emt 0:00:25]} 47. Kf2 {[%emt 0:00:20]} Rxd5 {[%emt 0:00:19]} 48. Ra8 {[%emt 0:00:02]} Kf4 {[%emt 0:00:35]} 49. Ra4+ {[%emt 0:00:04]} Kf5 {[%emt 0:00:11]} 50. Ke3 {[%emt 0:00:15]} g5 {[%emt 0:00:25]} 51. Ra8 {[%emt 0:02:28]} Re5+ {[%emt 0:01:51]} 52. Kf2 {[%emt 0:00:02]} Kf4 {[%emt 0:00:44]} 53. Ra4+ {[%emt 0:00:35]} Re4 {[%emt 0:00:16]} 54. Ra5 {[%emt 0:00:55]} Rd4 {[%emt 0:01:52]} 55. Ke2 {[%emt 0:00:17]} g4 {[%emt 0:00:16]} 56. Ra8 {[%emt 0:00:54]} Kg3 {[%emt 0:00:24]} 57. Rg8 {[%emt 0:01:09]} Rf4 {[%emt 0:01:52]} 58. Rg5 {[%emt 0:01:14]} Rf6 {[%emt 0:00:35]} 59. Rg8 {[%emt 0:00:32]} Kh3 {[%emt 0:00:08]} 0-1